Statistiken für Die 50 meistaufgerufenen Internetseiten in Deutschland

Klicken Sie hier um das Quiz zu spielen!

Allgemein

  • Dieses Quiz wurde 4.460 mal gespielt
  • Das Durchschnittsergebnis liegt bei 18 aus 50

Antwortstatistiken

Anzahl
Besucher*innen
in Millionen
Internetseite% Korrekt
891Google.com
98%
185Google.de
98%
300Youtube.com
92%
96Instagram.com
88%
40Pornhub.com
85%
246Amazon.de
84%
281Facebook.com
83%
56Twitter.com
80%
56Twitch.tv
71%
32Netflix.com
65%
233Wikipedia.org
65%
26Ebay.com
62%
123Ebay.de
62%
30Yahoo.com
60%
59Xhamster.com
58%
166Bild.de
56%
30WhatsApp.com
47%
32ZDF.de
45%
86Ebay-Kleinanzeigen.de
38%
58Tagesschau.de
36%
46GMX.net
35%
66Spiegel.de
35%
44Otto.de
33%
61Web.de
30%
43Welt.de
29%
26Pinterest.de
25%
90T-online.de
25%
51Paypal.com
23%
50Samsung.com
21%
57Dhl.de
19%
23Xvideos.com
19%
42Wetter.com
18%
29Vodafone.de
16%
31Chefkoch.de
15%
40N-tv.de
14%
27Booking.com
13%
55Focus.de
13%
27NDR.de
13%
31Idealo.de
12%
34Sport1.de
11%
29Chip.de
10%
33Wetter-online.de
8%
28Mobile.de
7%
32Merkur.de
5%
33Fandom.com
4%
29Immobilienscout24.de
4%
32Derwesten.de
3%
34Live.com
3%
29Accuweather.com
2%
24Teads.tv
2%

Verteilung der Resultate

Perzentil nach korrekt beantworteten Fragen

Anzahl Personen mit jedem Resultat

Ihre Resultats-Entwicklung

Sie haben dieses Quiz noch nicht gespielt